| 000 | | | 06052cac2a2200000 x 450 |
| 001 | | | abdbd5a1-6057-41de-a8ab-aa4761b962a6 |
| 005 | | | 20160428165232.0 |
| 100 | ## | $a | 20160211l18611861k l0rusy0189 ca |
| 101 | 0# | $a | rus |
| 102 | ## | $a | RU |
| 200 | 1# | $a | Исторические очерки русской народной словесности и искусства |
| | $f | Ф. Буслаев |
| | $h | Т. 2 |
| | $i | Древнерусская народная литература и искусство |
| 251 | ## | $c | Дело |
| 300 | ## | $a | Заглавие на корешке: Буслаев. Древнерусская народная литература и искусство. 2 |
| 801 | #0 | $a | RU |
| | $b | РГИА |
| | $c | 20160211 |
| | $g | RCR |
| 801 | #1 | $a | RU |
| | $b | ГлавНИВЦ |
| | $c | 20160211 |
| | $2 | rusmarc |
| 801 | #2 | $a | RU |
| | $b | ПБ им. Б.Н. Ельцина |
| | $c | 20160331 |
| | $g | RCR |
| | $2 | rusmarc |
| 850 | ## | $a | РГИА |
| 852 | ## | $a | РГИА |
| | $e | Федеральное казенное учреждение "Российский государственный исторический архив" (РГИА) |
| | $j | 816 |
| 937 | ## | $h | РГИА |
| | $d | 12201107 |
| | $a | ASBIBLIO_SCAN |
| 215 | ## | $a | 432 с. |
| | $d | 28,5х20,5 см |
| | $c | ил. |
| 516 | 1# | $a | Буслаев. Древнерусская народная литература и искусство. 2 |
| 105 | ## | $a | a### |
| 122 | 2# | $a | d |
| 210 | 1# | $a | Санкт-Петербург |
| | $c | Издание Д. Е. Кожанчикова |
| | $d | 1861 |
| | $g | Типография товарищества "Общественная польза" |
| 461 | #0 | $1 | 0012640edd5-2044-417d-b282-4ec02c959e00 |
| | $1 | 2001 |
| | $a | Дублетный фонд НСБ |
| | $1 | 251 |
| | $c | Фонд |
| | $1 | 852 |
| | $j | 0 |
| 462 | #0 | $1 | 00101f3c915-c163-4bd9-8823-fd1c871481a4 |
| | $1 | 2001 |
| | $a | Дублетный фонд Библиотеки |
| | $v | Д. 816 |
| | $1 | 251 |
| | $c | Опись |
| | $1 | 852 |
| | $j | 1 |
| | $l | Д |
| 035 | ## | $a | abdbd5a1-6057-41de-a8ab-aa4761b962a6 |
| 605 | ## | $2 | acquisition_Prlib |
| | $3 | DITM\AF\0000003865 |
| | $a | Русский язык |
| | $l | коллекция |
| 605 | ## | $2 | acquisition_Prlib |
| | $3 | DITM\AF\0000003834 |
| | $a | Народ |
| | $l | коллекция |
| 605 | ## | $2 | acquisition_prlib |
| | $3 | LIBNET\UAF\0000061920 |
| | $a | Синод в истории российской государственности |
| | $l | коллекция |
| 606 | 1# | $2 | nlr_sh |
| | $3 | RU\NLR\AUTH\6614047 |
| | $a | Древнерусская литература |
| 606 | 1# | $a | Русский фольклор |
| | $2 | nlr_sh |
| | $3 | RU\NLR\AUTH\6646485 |
| 686 | ## | $a | 83.3(2=411.2)4 |
| | $v | LBC/M |
| | $2 | rubbk |
| 686 | ## | $v | LBC/M |
| | $2 | rubbk |
| | $a | 82.3(2) |
| 686 | ## | $v | LBC/M |
| | $2 | rubbk |
| | $a | 85.103(2=411.2)4 |
| 320 | ## | $a | Библиография в подстрочных примечаниях |
| 701 | #1 | $3 | RU\NLR\AUTH\7772373 |
| | $4 | 070 |
| | $a | Буслаев |
| | $b | Ф. И. |
| | $f | 1818-1897 |
| | $g | Федор Иванович |
| 856 | 4# | $u | http://www.prlib.ru/Lib/pages/item.aspx?itemid=137850 |